书目信息 |
| 题名: |
学习中共十四届六中全会文件
|
|
| 作者: | 本书编写组 | |
| 分册: | ||
| 出版信息: | 北京 中共中央党校出版社 1996 |
|
| 页数: | 256页 | |
| 开本: | 20cm | |
| 丛书名: | ||
| 单 册: | ||
| 中图分类: | D229 | |
| 科图分类: | ||
| 主题词: | 中国共产党 | |
| 电子资源: | ||
| ISBN: | 7-5035-1505-8 | |
| 000 | 00545nam0 2200181 450 | |
| 001 | 0764574136 | |
| 005 | 20070707083007.48 | |
| 010 | @a7-5035-1505-8@dCNY9.50 | |
| 100 | @a20070703d1996 km y0chiy0120 ea | |
| 101 | 0 | @achi |
| 102 | @aCN@b110000 | |
| 200 | 1 | @a学习中共十四届六中全会文件@Axue xi zhong gong shi si jie liu zhong quan hui wen jian@f本书编写组@Fben shu bian xie zu |
| 210 | @a北京@c中共中央党校出版社@d1996 | |
| 215 | @a256页@d20cm | |
| 606 | 0 | @a中国共产党 |
| 690 | @aD229@v3 | |
| 801 | 0 | @aCN@bPFT@c20070707 |
| 905 | @a10447@dD229@e111 | |
| 学习中共十四届六中全会文件/本书编写组.-北京:中共中央党校出版社,1996 |
| 256页;20cm |
| ISBN 7-5035-1505-8:CNY9.50 |
| ● |
| 相关链接 |
|
|
|
|
正题名:学习中共十四届六中全会文件
索取号:D229/111
 
预约/预借
| 序号 | 登录号 | 条形码 | 馆藏地/架位号 | 状态 | 备注 |
| 1 | 0765557 | 207655571 | 第一样本阅览室/ [索取号:D229/111] | 在馆 | |
| 2 | 0766658 | 207666587 | 密集书库/ [索取号:D229/111] | 在馆 |